Innovation in the construction and property management industries (Record no. 79879)
[ view plain ]
| 000 -LEADER | |
|---|---|
| fixed length control field | 01210cab a22002295a 4500 |
| 001 - CONTROL NUMBER | |
| control field | L142632 |
| 008 - FIXED-LENGTH DATA ELEMENTS--GENERAL INFORMATION | |
| fixed length control field | 080226e2008 xxk f 000 0 eng d |
| 035 ## - SYSTEM CONTROL NUMBER | |
| System control number | (Sirsi) u142632 |
| 041 0# - LANGUAGE CODE | |
| Language code of text/sound track or separate title | eng |
| 100 1# - MAIN ENTRY--PERSONAL NAME | |
| Personal name | Wynn, Martin |
| 245 00 - TITLE STATEMENT | |
| Title | Innovation in the construction and property management industries |
| Remainder of title | case studies in the knowledge transfer partnership scheme |
| 260 ## - PUBLICATION, DISTRIBUTION, ETC. | |
| Date of publication, distribution, etc. | 2008 |
| 490 #0 - SERIES STATEMENT | |
| Series statement | Property Management |
| Volume/sequential designation | 26(1) 2008, 66-78(13) |
| 520 ## - SUMMARY, ETC. | |
| Summary, etc. | Examines three case studies illustrating how the knowledge transfer partnership scheme has been used to introduce innovative concepts, ideas and practices into three small to medium sized enterprises operating in the planning, construction and property management sectors. Reveals all three case studies have been successful in the introduction of new thinking or new ways of working in different areas of business, including a new marketing strategy, a new consultancy capability and new information systems. [Taken from journal abstract]. |
| 590 ## - LOCAL NOTE (RLIN) | |
| Local note | KA |
| 690 ## - LOCAL SUBJECT ADDED ENTRY--TOPICAL TERM (OCLC, RLIN) | |
| Topical term or geographic name as entry element | Construction management |
| 9 (RLIN) | 6230 |
| 690 ## - LOCAL SUBJECT ADDED ENTRY--TOPICAL TERM (OCLC, RLIN) | |
| Topical term or geographic name as entry element | MANAGEMENT-BUSINESS MANAGEMENT |
| 700 1# - ADDED ENTRY--PERSONAL NAME | |
| Personal name | Jones, Peter |
| 700 1# - ADDED ENTRY--PERSONAL NAME | |
| Personal name | Roberts, Carolyn |
| 700 1# - ADDED ENTRY--PERSONAL NAME | |
| Personal name | Little, Edward |
| 942 ## - ADDED ENTRY ELEMENTS (KOHA) | |
| Suppress in OPAC | 0 |
| Withdrawn status | Lost status | Source of classification or shelving scheme | Damaged status | Not for loan | Home library | Current library | Shelving location | Date acquired | Total Checkouts | Full call number | Barcode | Date last seen | Copy number | Price effective from | Koha item type |
|---|---|---|---|---|---|---|---|---|---|---|---|---|---|---|---|
| Dewey Decimal Classification | London | London | Journal article | 26/02/2008 | L142632 | 142632-1001 | 06/08/2019 | 1 | 06/08/2019 | Journal article |